00713nam a2200169 a 450000100100000000500170001000800410002704000250006808200150009311000950010824500750020326000910027830000350036904900090040495201130041399900170052600002689620200930030457.0110328s2003 dr ac 000 0 spa d aDO-SdBNPbspacBNPHU axxxbR426s1 aRepública DominicanabSecretaría de Estado de Obras Públicas y Comunicaciones93577510aSecretaría de Estado de Obras Públicas y Comunicaciones 2000-2003. aSanto Domingo :bSecretaría de Estado de Obras Públicas y Comunicaciones,c[2003]. a171 p. :bil., retr. ;c32 cm. aBNPD 0010718PDaPDbPDcHDd2011-03-28iLF1l0oxxx R426sp26896-10r2020-06-25w2020-06-25yLFPDZNo se presta c26388d26388